000 00542nam a22001817a 4500
005 20251108171248.0
008 250721s1985 xx 000 0 ara d
082 1 4 _a210.9/غار
100 1 _aغارودي، روجيه
245 1 0 _aدعوة الإسلام /
250 _aط2
264 1 _aالقاهرة ، بيروت :
_bالوطن العربي للنشر و التوزيع،
_c1985.
650 1 7 _aالإسلام
650 1 7 _aالتاريخ
700 1 _aقرقوط، ذوقان
_eترجمة
942 _2ddc
_cBK
999 _c60727
_d60727